zpět

Detail výsledku týmu

Šalanda Assen, Ostrava

Datum a čas kvízu

23.5 Celkem bodů Celkový počet nahraných bodů na tomto kvízu bez doplňovacích otázek.
6. Pořadí na kvízu Konečné umístění týmu na tomto kvízu.

Zaznamenané odpovědi

# Otázka Odpověď Body Výsledky
1. Ve vládě premiéra Petra Fialy... Helena Langšádlová 0
2. Minulý týden soud osvobodil čt... v Belgii 1
3. Při sobotním jednodenním festi... Pořadatel přestal vracet zálohy za kelímky. 1
4. Minulý týden jsme se dozvěděli... Datart 0
5. Jak se jmenuje muž, který byl... Libor Zábranský 1
6. Sugo all'amatriciana patří mez... guanciale; pecorino 1
7. Napište zakrytou značku zobraz... Kikkoman 1
8. Když se řekne omáčka, určitě s... 15 1
9. Město Worcester dalo jméno jed... C; ločidlo 0
10. Jak se označuje tato jednoduch... velouté 1